Informing energy and climate policies using energy systems models : (Record no. 597562)
[ view plain ]
| 000 -LEADER | |
|---|---|
| fixed length control field | 00284nam a2200097Ia 4500 |
| 008 - FIXED-LENGTH DATA ELEMENTS--GENERAL INFORMATION | |
| fixed length control field | 230907s9999||||xx |||||||||||||| ||und|| |
| 082 ## - DEWEY DECIMAL CLASSIFICATION NUMBER | |
| Classification number | 3.3 |
| Author Mark | INF |
| 245 #0 - TITLE STATEMENT | |
| Title | Informing energy and climate policies using energy systems models : |
| 260 ## - PUBLICATION, DISTRIBUTION, ETC. | |
| Place of publication, distribution, etc. | Springer: |
| Name of publisher, distributor, etc. | Switzerland; |
| Date of publication, distribution, etc. | 2015 |
| 942 ## - ADDED ENTRY ELEMENTS (KOHA) | |
| Koha item type | Book |
| Withdrawn status | Lost status | Damaged status | Not for loan | Permanent Location | Current Location | Date acquired | Total Checkouts | Full call number | Barcode | Date last seen | Price effective from | Koha item type |
|---|---|---|---|---|---|---|---|---|---|---|---|---|
| US-Pakistan Center for Advanced Studies in Energy (USPCAS-E) | US-Pakistan Center for Advanced Studies in Energy (USPCAS-E) | 01/03/2018 | 003.3 INF | CAS-E0001661 | 09/12/2023 | 09/12/2023 | Book |
